Aspectos fundamentales de la educación de la voz para adultos y niños
Furkejuvvon:
| Váldodahkki: | |
|---|---|
| Materiálatiipa: | Girji |
| Giella: | espánnjágiella |
| Almmustuhtton: |
Buenos Aires
Guadalupe
1974
|
| Ráidu: | Biblioteca Pedagógica. Sección I: problemática de la educación
|
| Fáttát: | |
| Fáddágilkorat: |
Lasit fáddágilkoriid
Eai fáddágilkorat, Lasit vuosttaš fáddágilkora!
|
MARC
| LEADER | 00000nam a2200000 a 4500 | ||
|---|---|---|---|
| 001 | UCU0677 | ||
| 003 | CL-VaPUC | ||
| 008 | 960322e19740000AG |||||||||||||||||spa|d | ||
| 082 | 0 | 4 | |a 152.384 |b LAN |2 21 |
| 100 | 0 | |a Lancy H. de Epstein, Helga |e author |9 356054 | |
| 245 | 1 | 0 | |a Aspectos fundamentales de la educación de la voz para adultos y niños |
| 300 | |a 77 p | ||
| 942 | |c BK | ||
| 945 | |d 19960322 00:00:00 |a paguirre | ||
| 260 | |a Buenos Aires |b Guadalupe |c 1974 | ||
| 650 | 0 | |a Fonética |9 308371 | |
| 650 | 7 | |a TRASTORNOS DEL HABLA |2 CL-VaPUC |9 309440 | |
| 650 | 0 | |a Psicolingüística |9 283371 | |
| 650 | 0 | |a Música |9 306269 | |
| 650 | 0 | |a Enseñanza de la música |9 339802 | |
| 650 | 0 | |a Música vocal |9 306287 | |
| 583 | |a last modification |c 19960322 00:00:00 |k Rodrigo Vera | ||
| 490 | 0 | |a Biblioteca Pedagógica. Sección I: problemática de la educación | |
| 999 | |c 245513 |d 245511 | ||
| 952 | |0 0 |1 0 |4 0 |6 152_384000000000000_LAN_1974 |7 0 |8 P |9 260035 |a BIBEDU |b BIBEDU |c BIBEDU_PB |d 2019-11-19 |i 1637584 |o 152.384 LAN 1974 |p 1637584 |r 2024-01-25 |w 2019-11-19 |y BK |k EDU | ||